000 00684nam a2200193 a 4500
008 120416s1968 ||||||||||||||||| || u
020 _a0334015502
050 _aBL 240.2 Sci
100 _aBarbour, Ian G
245 1 0 _aScience and religion
_cedited by Ian G. Barbour
246 _anew perspectives on the dialogue
260 _aLondon,
_bS.C.M. Press
_c1968.
300 _axi, 323p.
350 _a0.00
490 _aForum books
500 _aBibliographical footnotes.
650 _aRELIGION AND SCIENCE
995 _D0.00
_FCBU-MAIN LIBRARY (Kitwe)
_H1
_I3.95
_M1
_UAVAILABLE
_WJun 28, 2006
_ZMain Library Open Access Collection
999 _c57082
_d57082